UEFA Champions League and UEFA Europa League 2025/26 First XI - Statistics

General Stats
  • This quiz has been taken 36 times
  • The average score is 248 of 792
Answer Stats
Club Position Nationality Player % Correct
Athletic Club FW Iñaki Williams
93%
Nottingham Forest RB Neco Williams
93%
Tottenham FW Richarlison
93%
Manchester City DM Rodri
93%
Liverpool FW Alexander Isak
90%
Liverpool GK Alisson
90%
Bayern Munich FW Harry Kane
90%
Basel RW Ibrahim Salah
90%
Juventus AM Jonathan David
90%
Juventus CM Khéphren Thuram
90%
Bayern Munich GK Manuel Neuer
90%
Inter FW Marcus Thuram
90%
Liverpool RW Mohamed Salah
90%
Union SG FW Promise David
90%
Athletic Club GK Unai Simón
90%
Arsenal FW Viktor Gyökeres
90%
Liverpool CB Virgil van Dijk
90%
Benfica CB António Silva
87%
Manchester City RM Bernardo Silva
87%
Tottenham CB Cristian Romero
87%
Arsenal GK David Raya
87%
Galatasaray CB Davinson Sánchez
87%
Manchester City FW Erling Haaland
87%
Manchester City GK Gianluigi Donnarumma
87%
Liverpool CB Ibrahima Konaté
87%
Atlético Madrid GK Jan Oblak
87%
Real Madrid FW Kylian Mbappé
87%
Bayern Munich LW Luis Díaz
87%
Qarabag RB Matheus Silva
87%
Tottenham RW Mohammed Kudus
87%
Chelsea DM Moisés Caicedo
87%
Bodø/Glimt CM Patrick Berg
87%
Chelsea GK Robert Sánchez
87%
Manchester City CB Rúben Dias
87%
Real Madrid GK Thibaut Courtois
87%
Liverpool LB Andrew Robertson
83%
Real Madrid AM Arda Güler
83%
Liverpool LW Cody Gakpo
83%
Olympiacos DM Dani García
83%
Real Madrid CB Éder Militão
83%
Chelsea AM Enzo Fernández
83%
Real Madrid DM Federico Valverde
83%
Barcelona AM Fermin López
83%
Liverpool AM Florian Wirtz
83%
Villarreal FW Georges Mikautadze
83%
Tottenham GK Guglielmo Vicario
83%
Liverpool RB Jeremie Frimpong
83%
Barcelona GK Joan García
83%
Arsenal RB Jurriën Timber
83%
Juventus AM Kenan Yıldız
83%
Chelsea LB Marc Cucurella
83%
Arsenal CM Martín Zubimendi
83%
Bayern Munich RW Michael Olise
83%
Tottenham CB Micky van de Ven
83%
Arsenal RM Mikel Merino
83%
Tottenham LM Pape Matar Sarr
83%
Barcelona DM Pedri
83%
Tottenham RB Pedro Porro
83%
Manchester City CM Phil Foden
83%
Feyenoord DM Quinten Timber
83%
Real Madrid LW Rodrygo
83%
Liverpool DM Ryan Gravenberch
83%
Real Madrid RB Trent Alexander-Arnold
83%
Tottenham LW Xavi Simons
83%
Paris Saint-Germain RB Achraf Hakimi
80%
Atlético Madrid FW Antoine Griezmann
80%
Real Madrid DM Aurélien Tchouaméni
80%
Bayern Munich CB Dayot Upamecano
80%
Liverpool DM Dominik Szoboszlai
80%
Dortmund GK Gregor Kobel
80%
Manchester City LM Jeremy Doku
80%
Paris Saint-Germain RM João Neves
80%
Bayern Munich DM Joshua Kimmich
80%
Manchester City CB Joško Gvardiol
80%
Bayern Munich RB Konrad Laimer
80%
Dortmund CM Marcel Sabitzer
80%
Copenhagen LB Marcos López
80%
Sporting CP LB Maximiliano Araújo
80%
Betis GK Pau López
80%
Marseille FW Pierre-Emerick Aubameyang
80%
Arsenal LB Riccardo Calafiori
80%
Barcelona FW Robert Lewandowski
80%
Tottenham CM Rodrigo Bentancur
80%
Barcelona CB Ronald Araújo
80%
Dortmund FW Serhou Guirassy
80%
Paris Saint-Germain CM Vitinha
80%
Inter GK Yann Sommer
80%
Manchester City RB Abdukodir Khusanov
77%
Napoli CM Andre-Frank Zambo Anguissa
77%
Newcastle United RM Bruno Guimarães
77%
Real Madrid CB Dean Huijsen
77%
Arsenal LM Declan Rice
77%
Leverkusen CM Ezequiél Fernández
77%
Barcelona DM Frenkie de Jong
77%
Arsenal CB Gabriel Magalhães
77%
Juventus CB Gleison Bremer
77%
Chelsea FW João Pedro
77%
Barcelona RB Jules Koundé
77%
Tottenham RM Lucas Bergvall
77%
Chelsea RB Malo Gusto
77%
Barcelona LW Marcus Rashford
77%
Juventus GK Michele Di Gregorio
77%
Chelsea LW Pedro Neto
77%
Barcelona RW Raphinha
77%
Benfica FW Vangelis Pavlidis
77%
Paris Saint-Germain LW Bradley Barcola
73%
Chelsea RW Cole Palmer
73%
Atlético Madrid CM Conor Gallagher
73%
Pafos FC CB David Luiz
73%
Inter WB Denzel Dumfries
73%
Newcastle United CB Fabian Schär
73%
Real Madrid RW Franco Mastantuono
73%
Napoli RB Giovanni Di Lorenzo
73%
Bayern Munich LB Josip Stanišić
73%
Dortmund AM Karim Adeyemi
73%
Napoli CM Kevin De Bruyne
73%
Paris Saint-Germain RW Khvicha Kvaratskhelia
73%
Juventus CB Lloyd Kelly
73%
Inter CB Manuel Akanji
73%
Atlético Madrid RB Marcos Llorente
73%
Paris Saint-Germain CB Marquinhos
73%
Newcastle United GK Nick Pope
73%
Benfica CB Nicolás Otamendi
73%
Paris Saint-Germain LB Nuno Mendes
73%
Newcastle United CM Sandro Tonali
73%
Napoli LM Scott McTominay
73%
Napoli CM Stanislav Lobotka
73%
Juventus CM Teun Koopmeiners
73%
Chelsea CB Trevoh Chalobah
73%
Dortmund CB Waldemar Anton
73%
Juventus WB Weston McKennie
73%
Paris Saint-Germain CB Willian Pacho
73%
Bayern Munich DM Aleksandar Pavlovic
70%
Inter CB Alessandro Bastoni
70%
Newcastle United FW Anthony Gordon
70%
Arsenal CB Cristhian Mosquera
70%
Nottingham Forest CM Douglas Luiz
70%
Marseille DM Geoffrey Kondogbia
70%
Inter CM Hakan Çalhanoğlu
70%
Newcastle United LM Joelinton
70%
Bayern Munich CB Jonathan Tah
70%
Newcastle United RB Kieran Trippier
70%
Juventus FW Loïs Openda
70%
Paris Saint-Germain GK Lucas Chevalier
70%
Inter CM Nicolò Barella
70%
Barcelona CB Pau Cubarsí
70%
Juventus CB Pierre Kalulu
70%
Napoli FW Rasmus Højlund
70%
PSV Eindhoven RB Sergiño Dest
70%
Marseille LW Timothy Weah
70%
Benfica GK Anatolii Trubin
67%
Newcastle United RW Anthony Elanga
67%
Tottenham LB Djed Spence
67%
Leverkusen CB Edmond Tapsoba
67%
Inter WB Federico Dimarco
67%
Marseille GK Gerónimo Rulli
67%
Atlético Madrid RM Giuliano Simeone
67%
Inter CM Henrikh Mkhitaryan
67%
Dortmund CB Julian Ryerson
67%
Marseille RW Mason Greenwood
67%
Villarreal RM Nicolas Pépé
67%
Arsenal RW Noni Madueke
67%
Leverkusen FW Patrik Schick
67%
Porto RW Pepê
67%
Dortmund CB Ramy Bensebaini
67%
Bayern Munich AM Serge Gnabry
67%
Manchester City CM Tijjani Reijnders
67%
Leverkusen WB Álex Grimaldo
63%
Real Madrid LB Álvaro Carreras
63%
Atlético Madrid CB Clément Lenglet
63%
Newcastle United CB Dan Burn
63%
Barcelona LB Gerard Martín
63%
Newcastle United LW Harvey Barnes
63%
Manchester City LB Nico O’Reilly
63%
Atlético Madrid CM Pablo Barrios
63%
Atlético Madrid CB Robin Le Normand
63%
Inter CB Stefan de Vrij
63%
Napoli GK Vanja Milinković-Savić
63%
Betis RW Antony
60%
Atalanta FW Charles De Ketelaere
60%
Atlético Madrid FW Giacomo Raspadori
60%
Villarreal CB Juan Foyth
60%
Athletic Club AM Oihan Sancet
60%
Marseille DM Pierre Højbjerg
60%
Monaco AM Takumi Minamino
60%
Roma FW Artem Dovbyk
57%
Go Ahead Eagles LB Dean James
57%
Arsenal LW Eberechi Eze
57%
Nottingham Forest FW Igor Jesus
57%
Atalanta AM Mario Pašalić
57%
Atalanta CM Marten de Roon
57%
Aston Villa RB Matty Cash
57%
Aston Villa CB Pau Torres
57%
Chelsea DM Reece James
57%
Club Brugge GK Simon Mignolet
57%
Villarreal LM Tajon Buchanan
57%
Newcastle United LB Valentino Livramento
57%
Marseille RB Benjamin Pavard
53%
Aston Villa DM Boubacar Kamara
53%
Dortmund WB Daniel Svensson
53%
Athletic Club CB Daniel Vivian
53%
Monaco FW Folarin Balogun
53%
Leverkusen CB Jarell Quansah
53%
Aston Villa DM John McGinn
53%
Celtic GK Kasper Schmeichel
53%
Galatasaray DM Mario Lemina
53%
Nottingham Forest GK Matz Sels
53%
PSV Eindhoven FW Ricardo Pepi
53%
Chelsea CB Tosin Adarabioyo
53%
Dortmund WB Yan Couto
53%
Fenerbahçe FW Youssef En-Nesyri
53%
Atalanta CB Berat Djimsiti
50%
Club Brugge LW Christos Tzolis
50%
Nottingham Forest CM Elliot Anderson
50%
Porto LM Gabriel Veiga
50%
Club Brugge AM Hans Vanaken
50%
PSV Eindhoven RM Ivan Perišić
50%
Galatasaray RW Leroy Sané
50%
Leverkusen AM Malik Tillman
50%
Leverkusen GK Mark Flekken
50%
Marseille AM Matt O'Riley
50%
Atlético Madrid LM Nicolás González
50%
Atalanta CB Odilon Kossounou
50%
Villarreal CB Renato Veiga
50%
Paris Saint-Germain FW Senny Mayulu
50%
Betis FW Cédric Bakambu
47%
Celtic FW Daizen Maeda
47%
Aston Villa FW Donyell Malen
47%
Marseille LB Emerson Palmieri
47%
Aston Villa LW Emi Buendía
47%
Monaco CB Eric Dier
47%
Betis AM Giovani Lo Celso
47%
Celta Vigo RW Iago Aspas
47%
Aston Villa LB Ian Maatsen
47%
Nottingham Forest DM Ibrahim Sangaré
47%
Betis LB Junior Firpo
47%
Galatasaray DM Lucas Torreira
47%
Aston Villa AM Morgan Rogers
47%
Nottingham Forest CB Nikola Milenković
47%
Nottingham Forest LB Oleksandr Zinchenko
47%
Napoli CB Alessandro Buongiorno
43%
Juventus WB Andrea Cambiaso
43%
Galatasaray FW Barış Alper Yılmaz
43%
Porto GK Diogo Costa
43%
Fenerbahçe GK Ederson
43%
Aston Villa CB Ezri Konsa
43%
Marseille CB Facundo Medina
43%
Dortmund CM Felix Nmecha
43%
Sporting CP CB Gonçalo Inácio
43%
Kairat Almaty AM Jorginho Costa
43%
Union SG CB Kevin Mac Allister
43%
Qarabag CB Kevin Medina
43%
Marseille CB Leonardo Balerdi
43%
Sporting CP FW Luis Javier Suárez
43%
Monaco AM Maghnes Akliouche
43%
Nottingham Forest CM Morgan Gibbs-White
43%
Villarreal CM Pape Gueye
43%
Bologna DM Remo Freuler
43%
Leverkusen CM Robert Andrich
43%
Genk LM Yaimar Medina
43%
Olympiacos FW Ayoub El Kaabi
40%
Villarreal FW Ayoze Pérez
40%
Rangers RB James Tavernier
40%
Celta Vigo CB Javi Rodríguez
40%
PSV Eindhoven DM Jerdy Schouten
40%
Union SG FW Kevin Rodríguez
40%
Lyon LW Malick Fofana
40%
Fenerbahçe CM Marco Asensio
40%
PSV Eindhoven GK Matej Kovar
40%
Napoli RB Matteo Politano
40%
Utrecht RW Miguel Rodríguez
40%
Fenerbahçe CB Milan Škriniar
40%
Roma GK Mile Svilar
40%
Sporting CP DM Morten Hjulmand
40%
Lyon LB Nicolás Tagliafico
40%
Monaco RB Vanderson
40%
Betis LW Abde Ezzalzouli
37%
Celtic CB Cameron Carter-Vickers
37%
Aston Villa RW Evann Guessand
37%
Inter FW Francesco Esposito
37%
Benfica RW Fredrik Aursnes
37%
PSV Eindhoven AM Ismael Saibari
37%
Atlético Madrid LB Javi Galán
37%
Monaco DM Lamine Camara
37%
Roma CM Manu Koné
37%
Aston Villa GK Marco Bizot
37%
Atalanta GK Marco Carnesecchi
37%
Monaco FW Mika Biereth
37%
Maccabi Tel Aviv CB Mohamed Aly Camara
37%
Nottingham Forest CB Morato
37%
Betis CB Natan
37%
Braga AM Ricardo Horta
37%
Napoli CB Sam Beukema
37%
Betis CB Valentín Gómez
37%
Braga WB Victor Gomez
37%
Nice CB Antoine Mendy
33%
Lille CB Chancel Mbemba
33%
Lyon CB Clinton Mata
33%
Olympiacos LW Daniel Podence
33%
Young Boys CM Edimilson Fernandes
33%
Atalanta CB Isak Hien
33%
Bodø/Glimt LW Jens Petter Hauge
33%
Roma WB Kostas Tsimikas
33%
Napoli RB Leonardo Spinazzola
33%
Kairat Almaty LB Luís Mata
33%
Dortmund AM Maximilian Beier
33%
Sporting CP LW Pedro Gonçalves
33%
Benfica DM Richard Ríos
33%
Eintract Frankfurt RW Ritsu Doan
33%
Betis DM Sofyan Amrabat
33%
Athletic Club LW Álex Berenguer
30%
Stuttgart DM Angelo Stiller
30%
Eintract Frankfurt CB Arthur Theate
30%
Nottingham Forest LM Callum Hudson-Odoi
30%
Eintract Frankfurt AM Can Uzun
30%
Nice CB Dante
30%
Benfica DM Enzo Barrenechea
30%
Stuttgart FW Ermedin Demirović
30%
Roma CB Gianluca Mancini
30%
Eintract Frankfurt DM Hugo Larsson
30%
PSV Eindhoven DM Joey Veerman
30%
Eintract Frankfurt FW Jonathan Burkardt
30%
Copenhagen RM Jordan Larsson
30%
Ajax LM Kenneth Taylor
30%
Fenerbahçe AM Kerem Aktürkoğlu
30%
Bologna DM Lewis Ferguson
30%
Leverkusen CB Loïc Bade
30%
Leverkusen WB Lucas Vázquez
30%
Roma CB Obite N'Dicka
30%
Club Brugge DM Raphael Onyedika
30%
Eintract Frankfurt CB Robin Koch
30%
Olympiacos RB Rodinei
30%
Lille RB Tiago Santos
30%
Freiburg LW Vincenzo Grifo
30%
Ajax FW Wout Weghorst
30%
Nice GK Yehvann Diouf
30%
Athletic Club CB Aitor Paredes
27%
Porto CM Alan Varela
27%
Stuttgart GK Alexander Nübel
27%
Fenerbahçe WB Archie Brown
27%
Celtic CM Callum McGregor
27%
Union SG CB Christian Burgess
27%
Galatasaray AM İlkay Gündoğan
27%
Rangers GK Jack Butland
27%
Celtic LB Kieran Tierney
27%
Bologna GK Łukasz Skorupski
27%
Roma AM Matìas Soulé
27%
Nice WB Melvin Bard
27%
Eintract Frankfurt LB Nathaniel Brown
27%
Rangers DM Nicolas Raskin
27%
Panathinaikos DM Renato Sanches
27%
Celtic LM Reo Hatate
27%
Galatasaray RB Roland Sallai
27%
Dinamo Zagreb CB Scott McKenna
27%
Fenerbahçe AM Sebastian Szymański
27%
Basel AM Xherdan Shaqiri
27%
Nice CB Abdulai Juma Bah
23%
Benfica RB Amar Dedić
23%
Club Brugge RW Carlos Forbs
23%
Roma WB Devyne Rensch
23%
Leverkusen AM Eliesse Ben Seghir
23%
Sporting CP AM Francisco Trincão
23%
Sporting CP RW Geovany Quenda
23%
Benfica AM Heorhiy Sudakov
23%
Celta Vigo CM Ilaix Moriba
23%
Celta Vigo GK Ionuț Radu
23%
Porto CB Jan Bednarek
23%
Braga CM João Moutinho
23%
Midtjylland CB Lee Hanbeom
23%
Brann LW Niklas Castro
23%
Pafos FC CM Pedro Rodrigues
23%
Malmö GK Robin Olsen
23%
Braga AM Rodrigo Zalazar
23%
PSV Eindhoven CB Ryan Flamingo
23%
Benfica LB Samuel Dahl
23%
Porto FW Samu Omorodion
23%
Bologna FW Santiago Castro
23%
Olympiacos DM Santiago Hezze
23%
Lyon DM Tyler Morton
23%
Ajax GK Vitezslav Jaros
23%
Atalanta CM Yunus Musah
23%
Roma CB Zeki Çelik
23%
Club Brugge DM Aleksandar Stanković
20%
Athletic Club RB Andoni Gorosabel
20%
Benfica LW Andreas Schjelderup
20%
Club Brugge CB Brandon Mechele
20%
Olympiacos AM Chiquinho
20%
Freiburg LB Christian Günter
20%
Ajax RM Davy Klaassen
20%
Olympiacos LB Francisco Ortega
20%
Lille CM Hákon Arnar Haraldsson
20%
Porto CB Jakub Kiwior
20%
Bologna CB Jhon Lucumí
20%
Club Brugge CB Joel Ordóñez
20%
Sturm Graz DM Jon Gorenc Stanković
20%
Ajax CB Ko Itakura
20%
Freiburg CB Matthias Ginter
20%
Ajax LW Mika Godts
20%
Rangers AM Mohamed Diomandé
20%
Lyon CB Moussa Niakhate
20%
Monaco GK Philipp Köhn
20%
Villarreal CM Santi Comesaña
20%
Roma AM Stephan El Shaarawy
20%
Panathinaikos RW Tetê
20%
Galatasaray CB Wilfried Singo
20%
Porto LB Zaidu Sanusi
20%
Union SG CM Adem Zorgane
17%
PAOK RW Andrija Živković
17%
Eintract Frankfurt LW Ansgar Knauff
17%
Ajax RB Anton Gaaei
17%
Basel LW Arlet Zé
17%
PAOK LB Baba Rahman
17%
Ferencvaros FW Barnabás Varga
17%
Slavia Prague DM Christos Zafeiris
17%
Olympiacos RW Gabriel Strefezza
17%
Sporting CP DM Giorgi Kochorashvili
17%
Nice FW Jeremie Boga
17%
PAOK GK Jiří Pavlenka
17%
Union SG GK Kjell Scherpen
17%
Olympiacos CB Lorenzo Pirola
17%
Lyon FW Martin Satriano
17%
Stuttgart LB Maximilian Mittelstädt
17%
Athletic Club DM Mikel Jauregizar
17%
Athletic Club DM Mikel Vesga
17%
Copenhagen FW Mohamed Elyounoussi
17%
Lille CM Nabil Bentaleb
17%
Ferencvaros CM Naby Keïta
17%
Pafos FC GK Neofytos Michael
17%
Olympiacos CB Panagiotis Retsos
17%
Lyon AM Pavel Šulc
17%
Midtjylland RM Philip Billing
17%
Atalanta WB Raoul Bellanova
17%
Athletic Club RW Roberto Navarro
17%
PSV Eindhoven LM Ruben van Bommel
17%
Villarreal RB Santiago Mouriño
17%
Villarreal LB Sergi Cardona
17%
PAOK LW Taison
17%
PSV Eindhoven CB Yarek Gasiorowski
17%
Lyon RW Adam Karabec
13%
Panathinaikos GK Alban Lafont
13%
RB Salzburg GK Alexander Schlager
13%
Olympiacos GK Alexandros Paschalakis
13%
Union SG WB Anan Khalaili
13%
Union SG AM Anouar Ait El Hadj
13%
PSV Eindhoven CB Armando Obispo
13%
Lille GK Berke Özer
13%
Stuttgart AM Bilal El Khannouss
13%
Club Brugge LB Bjorn Meijer
13%
Celta Vigo CB Carl Starfelt
13%
Monaco CB Christian Mawissa
13%
Copenhagen GK Dominik Kotarski
13%
Eintract Frankfurt DM Fares Chaïbi
13%
PAOK AM Giannis Konstantelias
13%
PAOK CB Giannis Michailidis
13%
PAOK FW Giorgos Giakoumakis
13%
Lille FW Hamza Igamane
13%
Sporting CP RB Iván Fresneda
13%
Fenerbahçe CB Jayden Oosterwolde
13%
Malmö RB Jens Stryger Larsen
13%
Rangers CB John Souttar
13%
PAOK RB Jonjoe Kenny
13%
Bodø/Glimt FW Kasper Waarst Høgh
13%
Pafos FC FW Landry Dimata
13%
Celtic CB Liam Scales
13%
Slavia Prague RW Lukáš Provod
13%
Red Star FW Marko Arnautović
13%
Lille FW Matias Fernandez-Pardo
13%
Roma CM Neil El Aynaoui
13%
Eintract Frankfurt RB Nnamdi Collins
13%
Freiburg GK Noah Atubolu
13%
Sturm Graz GK Oliver Christensen
13%
Slavia Prague DM Oscar Dorley
13%
Celta Vigo LM Óscar Mingueza
13%
Ajax LB Owen Wijndal
13%
Copenhagen CB Pantelis Hatzidiakos
13%
Betis DM Sergi Altimira
13%
PAOK DM Soualiho Meïté
13%
Copenhagen CM Thomas Delaney
13%
PAOK CB Tomasz Kędziora
13%
Galatasaray GK Uğurcan Çakır
13%
Rangers FW Youssef Chermiti
13%
Copenhagen FW Youssoufa Moukoko
13%
Athletic Club LB Adama Boiro
10%
Monaco DM Aladji Bamba
10%
Feyenoord CB Anel Ahmedhodžić
10%
Betis RB Ángel Ortíz
10%
Braga CB Bright Arrey-Mbi
10%
Bologna LB Charalampos Lykogiannis
10%
Midtjylland AM Cho Gue-sung
10%
Celtic RB Colby Donovan
10%
Pafos FC CB David Goldar
10%
Lyon GK Dominik Greif
10%
Copenhagen LM Elias Achouri
10%
Union SG CB Fedde Leysen
10%
Sturm Graz LW Filip Rózga
10%
Celta Vigo CM Fran Beltrán
10%
Midtjylland FW Franculino Djú
10%
Copenhagen CB Gabriel Pereira
10%
Feyenoord LW Gaoussou Diarra
10%
Nice CM Hicham Boudaoui
10%
Ferencvaros CB Ibrahim Cissé
10%
Pafos FC CM Ivan Šunjić
10%
Pafos FC RM Jajá
10%
Young Boys LB Jaouen Hadjam
10%
Slavia Prague GK Jindřich Staněk
10%
Pafos FC RB João Pedro Araújo Correia
10%
Nice FW Kevin Carlos
10%
Midtjylland RB Kevin Mbabu
10%
Braga GK Lukáš Horníček
10%
Celta Vigo CB Marcos Alonso
10%
Lyon DM Mathys De Carvalho
10%
Nice CM Morgan Sanson
10%
Fenerbahçe CM Nélson Semedo
10%
Lille RM Ngal'Ayel Mukau
10%
Genk FW Oh Hyeon-gyu
10%
Lille LM Osame Sahraoui
10%
Union SG WB Ousseynou Niang
10%
Celta Vigo LW Pablo Durán
10%
Lyon RB Ruben Kluivert
10%
Young Boys RB Saidy Janko
10%
Utrecht FW Sébastien Haller
10%
Dinamo Zagreb CB Sergi Dominguez
10%
Braga CB Sikou Niakaté
10%
Porto RM Victor Froholdt
10%
Pafos FC FW Vlad Dragomir
10%
Celtic RW Yang Hyunjun
10%
Galatasaray LW Yunus Akgün
10%
Panathinaikos CB Ahmed Touba
7%
Braga FW Amine El Ouazzani
7%
Panathinaikos LW Anass Zaroury
7%
Panathinaikos AM Anastasios Bakasetas
7%
Freiburg CB Anthony Jung
7%
Stuttgart RW Badredine Bouanani
7%
Celtic RM Benjamin Nygren
7%
Porto LW Borja Sainz
7%
Pafos FC RB Bruno Felipe Souza da Silva
7%
Fenerbahçe CB Çağlar Söyüncü
7%
Lille LB Calvin Verdonk
7%
Nice CM Charles Vanhoutte
7%
Malmö FW Daníel Gudjohnsen
7%
FCSB AM Darius Olaru
7%
Kairat Almaty FW Dastan Satpayev
7%
Slavia Prague RB David Doudera
7%
Dinamo Zagreb CM Dejan Ljubicic
7%
Ferencvaros GK Dénes Dibusz
7%
Midtjylland LM Denil Castillo
7%
Pafos FC CB Derrick Luckassen
7%
Sturm Graz CB Dimitri Lavalée
7%
Ludogorets CB Dinis Almeida
7%
Maccabi Tel Aviv FW Dor Peretz
7%
RB Salzburg FW Edmund Baidoo
7%
Sporting CP CB Eduardo Quaresma
7%
Midtjylland GK Elías Rafn Ólafsson
7%
Sturm Graz LB Emir Karic
7%
Panathinaikos DM Emmanouil Siopis
7%
Galatasaray LB Eren Elmalı
7%
Paris Saint-Germain LM Fabián Ruiz Peña
7%
Celta Vigo FW Ferran Jutglà
7%
Panathinaikos LB Filip Mladenović
7%
Braga CM Gabriel Moscardo
7%
Panathinaikos RB Giannis Kotsiras
7%
Feyenoord RW Gonçalo Borges
7%
Braga CB Gustaf Lagerbielke
7%
Bodø/Glimt RM Håkon Evjen
7%
RB Salzburg CB Jacob Rasmussen
7%
Brann CM Jakob Sørensen
7%
Freiburg AM Johan Manzambi
7%
Midtjylland FW Júnior Brumado
7%
Qarabag AM Kady Borges
7%
Panathinaikos FW Karol Świderski
7%
Maccabi Tel Aviv AM Kervin Andrade
7%
RB Salzburg CB Kouakou Gadou
7%
Qarabag RW Leandro Andrade
7%
Braga WB Leonardo Lelo
7%
Stuttgart RB Lorenz Assignon
7%
Villarreal GK Luiz Lúcio Reis Júnior
7%
Midtjylland LB Mads Bech Sørensen
7%
RB Salzburg DM Mads Bidstrup
7%
PAOK DM Magomed Ozdoyev
7%
Qarabag DM Marko Janković
7%
Bologna CB Martin Vitík
7%
Qarabag GK Mateusz Kochalski
7%
Union SG CM Mathias Rasmussen
7%
Genk CB Matte Smets
7%
Sturm Graz FW Maurice Malone
7%
Lille CB Maxima Goffi
7%
Freiburg DM Maximilian Eggestein
7%
Rangers RW Mikey Moore
7%
Club Brugge FW Nicolo Tresoldi
7%
Bodø/Glimt GK Nikita Haikin
7%
Kairat Almaty DM Ofri Arad
7%
Ajax RW Oliver Edvardsen
7%
Maccabi Tel Aviv RW Osher Davida
7%
Midtjylland CB Ousmane Diao
7%
Porto RB Pablo Rosario
7%
Genk CM Patrik Hrošovský
7%
Qarabag DM Pedro Bicalho
7%
Midtjylland DM Pedro Bravo
7%
Ludogorets LM Petar Stanic
7%
Viktoria Plzeň CB Sampson Dweh Jr.
7%
Celtic LW Sebastian Tounekti
7%
Sturm Graz AM Seedy Jatta
7%
Feyenoord AM Sem Steijn
7%
RB Salzburg RB Stefan Lainer
7%
Panathinaikos CB Sverrir Ingi Ingason
7%
Rangers DM Thelo Aasgaard
7%
Sturm Graz RB Tim Oermann
7%
Feyenoord GK Timon Wellenreuther
7%
Sturm Graz DM Tochi Chukwuani
7%
Slavia Prague CB Tomáš Holeš
7%
Sturm Graz RW Tomi Horvat
7%
Go Ahead Eagles FW Victor Edvardsen
7%
Slavia Prague LB Youssoupha Mbodji
7%
Genk RB Zakaria El Ouahdi
7%
Qarabag LW Abdellah Zoubir
3%
Basel CB Adrian Leon Barišić
3%
Malmö CM Adrian Skogmar
3%
Basel FW Albian Ajeti
3%
RB Salzburg LB Aleksa Terzić
3%
Kairat Almaty RW Alexandr Mrynskiy
3%
Kairat Almaty CB Alyaksandr Martynovich
3%
Malmö FW Anders Christiansen
3%
Dinamo Zagreb LM Arbër Hoxha
3%
FCSB DM Baba Alhassan
3%
Feyenoord RB Bart Nieuwkoop
3%
Qarabag CB Bəhlul Mustafazadə
3%
Red Star AM Bruno Duarte
3%
Dinamo Zagreb LB Bruno Goda
3%
Genk CM Bryan Heynen
3%
Malmö LB Busanello
3%
Monaco LB Caio Henrique Oliveira Silva
3%
Ludogorets RW Caio Vidal
3%
Qarabag FW Camilo Marques
3%
Feyenoord FW Casper Tengstedt
3%
Stuttgart DM Chema
3%
Malmö CB Colin Rosler
3%
FCSB RB Daniel Graovac
3%
Atalanta FW Daniel Maldini
3%
FCSB LB David Kiki
3%
FCSB RW David Miculescu
3%
Slavia Prague CB David Zima
3%
FCSB FW Denis Alibec
3%
Rangers CB Derek Cornelius
3%
Ludogorets RM Deroy Duarte
3%
Dinamo Zagreb FW Dion Drena Beljo
3%
Rangers LW Djeidi Gassama
3%
Basel LB Dominik Schmid
3%
Ludogorets CB Edvin Kurtulus
3%
Brann CB Eivind Helland
3%
Brann RM Emil Kornvig
3%
Ludogorets LW Erick Marcus
3%
Kairat Almaty RB Erkin Tapalov
3%
Go Ahead Eagles DM Evert Linthorst
3%
Bologna AM Federico Bernardeschi
3%
Brann LM Felix Myhre
3%
Stuttgart CB Finn Jeltsch
3%
Brann CB Fredrik Pallesen Knudsen
3%
Bodø/Glimt RB Fredrik Sjøvold
3%
Go Ahead Eagles CB Gerrit Nauber
3%
Feyenoord LB Gijs Smal
3%
Bodø/Glimt LB Haitam Aleesami
3%
Genk GK Hendrik Van Crombrugge
3%
Malmö RM Hugo Bolin
3%
Genk DM Ibrahima Sory Bangoura
3%
Maccabi Tel Aviv DM Issouf Sissokho
3%
Dinamo Zagreb GK Ivan Nevistić
3%
Go Ahead Eagles CM Jakob Breum
3%
Stuttgart LW Jamie Leweling
3%
Freiburg RW Jan-Niklas Beste
3%
Go Ahead Eagles GK Jari De Busser
3%
Genk RM Jarne Steuckers
3%
Rangers LB Jayden Meghoma
3%
Bologna FW Jens Odgaard
3%
Sporting CP GK João Virgínia
3%
Ludogorets RB Joel Andersson
3%
Basel CB Jonas Adjetey
3%
Celta Vigo RM Jones El-Abdellaoui
3%
Genk LB Joris Kayembe
3%
Go Ahead Eagles CB Joris Kramer
3%
Dinamo Zagreb DM Josip Mišić
3%
Bodø/Glimt CB Jostein Gundersen
3%
Freiburg FW Junior Adamu
3%
FCSB LW Juri Cisotti
3%
Basel RB Keigo Tsunemoto
3%
Go Ahead Eagles RW Kenzo Goudmijn
3%
RB Salzburg AM Kerim Alajbegović
3%
Maccabi Tel Aviv DM Kristijan Belic
3%
Club Brugge RB Kyriani Sabbe
3%
Basel DM Léo Leroy
3%
Atalanta WB Lorenzo Bernasconi
3%
Freiburg RB Lukas Kübler
3%
Copenhagen CM Lukas Lerager
3%
FCSB DM Malcolm Edjouma
3%
Feyenoord CB Malcolm Jeng
3%
Dinamo Zagreb RM Mateo Lisica
3%
Red Star GK Matheus
3%
Brann GK Mathias Dyngeland
3%
Bodø/Glimt RW Mathias Jørgensen
3%
Go Ahead Eagles LW Mathis Suray
3%
Go Ahead Eagles RB Mats Deijl
3%
Go Ahead Eagles CB Melle Meulensteen
3%
Basel DM Metinho
3%
Eintract Frankfurt GK Michael Zetterer
3%
Slavia Prague AM Michal Sadílek
3%
FCSB CB Mihai Popescu
3%
Dinamo Zagreb CM Miha Zajc
3%
Red Star CB Miloš Veljković
3%
Red Star LW Mirko Ivanić
3%
Basel GK Mirko Salvi
3%
Dinamo Zagreb RB Moris Valinčić
3%
RB Salzburg AM Moussa Kounfolo Yeo
3%
Genk CB Mujaid Sadick
3%
Bologna RB Nadir Zortea
3%
Red Star LB Nair Tiknizyan
3%
Red Star RW Nemanja Radonjić
3%
Bologna AM Nicolò Cambiaghi
3%
Brann FW Noah Holm
3%
Bodø/Glimt CB Odin Lurås Bjørtuft
3%
Malmö CM Otto Rosengren
3%
Feyenoord DM Oussama Targhalline
3%
Freiburg DM Patrick Osterhage
3%
RB Salzburg FW Petar Ratkov
3%
Malmö CB Pontus Jansson
3%
Stuttgart CB Ramon Hendriks
3%
Maccabi Tel Aviv CB Raz Shlomo
3%
Copenhagen RB Rodrigo Huescas
3%
Maccabi Tel Aviv LB Roy Revivo
3%
Brann RW Sævar Magnússon
3%
Malmö LM Sead Haksabanović
3%
Red Star RB Seol Young-woo
3%
Ludogorets GK Sergio Padt
3%
Kairat Almaty GK Sherhan Kalmurza
3%
FCSB CB Siyabonga Ngezana
3%
Ludogorets LB Son
3%
Bodø/Glimt LM Sondre Auklend
3%
Utrecht LB Souffian El Karouani
3%
RB Salzburg DM Soumaïla Diabaté
3%
FCSB GK Stefan Târnovanu
3%
Brann RB Thore Pedersen
3%
Red Star DM Timi Elšnik
3%
Slavia Prague FW Tomáš Chorý
3%
Red Star DM Tomás Händel
3%
Nice WB Tom Louchet
3%
Maccabi Tel Aviv RB Tyrese Asante
3%
Kairat Almaty LW Valeriy Gromyko
3%
Utrecht GK Vasilios Barkas
3%
Slavia Prague LW Vasil Kušej
3%
Brann LB Vetle Dragsnes
3%
Kairat Almaty CB Yegor Sorokin
3%
Ajax CB Youri Baas
3%
Ajax CM Youri Regeer
3%
Ludogorets FW Yves Bile
3%
Ferencvaros CM Alex Tóth
0%
Utrecht CM Alonzo Engwanda
0%
Viktoria Plzeň WB Amar Memić
0%
Young Boys CM Armin Gigovic
0%
Ferencvaros DM Bence Ötvös
0%
Ferencvaros LW Callum O'Dowda
0%
Ferencvaros RW Cebrails Makreckis
0%
Viktoria Plzeň CM Cheick Souaré
0%
Young Boys FW Chris Bedia
0%
Young Boys FW Christian Fassnacht
0%
Kairat Almaty DM Damir Kasabulat
0%
Young Boys RM Darian Males
0%
Utrecht LW Derry Murkin
0%
Qarabag LB Elvin Cəfərquliyev
0%
Sturm Graz CB Emanuel Aiwum
0%
Red Star CB Franklin Tebo
0%
Utrecht LM Gjivai Zechiël
0%
Viktoria Plzeň CB Jan Paluska
0%
Young Boys LM Joel Monteiro
0%
Young Boys CB Loris Benito
0%
Viktoria Plzeň CM Lukáš Červ
0%
Viktoria Plzeň GK Martin Jedlička
0%
Young Boys GK Marvin Keller
0%
Viktoria Plzeň FW Matěj Vydra
0%
Viktoria Plzeň WB Merchas Doski
0%
Utrecht CB Mike van der Hoorn
0%
Fenerbahçe WB Nene Dorgeles
0%
Utrecht CB Nick Viergever
0%
Utrecht RM Niklas Vesterlund
0%
Ludogorets CM Pedrinho
0%
Viktoria Plzeň FW Rafiu Durosinmi
0%
Maccabi Tel Aviv GK Roei Mashpati
0%
Maccabi Tel Aviv LW Sagiv Yehezkel
0%
Utrecht RB Siebe Horemans
0%
Ferencvaros CB Stefan Gartenmann
0%
Young Boys CB Tanguy Zoukrou
0%
Viktoria Plzeň CM Tomáš Ladra
0%
Ferencvaros CB Toon Raemaekers
0%
Viktoria Plzeň CB Václav Jemelka
0%
Ferencvaros FW Zsombor Gruber
0%
No matching quizzes found
Score Distribution
Percent of People with Each Score
Percentile by Number Answered
Your Score History
You have not taken this quiz